000 01040naa a22002657a 4500
001 BR9102049
003 BR-BrBNA
005 20240918180657.0
007 ta
008 230509b bl.||||| |||| 00| 0 por d
040 _aBR-BrBNA
_bpor
_cBiblioteca Nacional de Agricultura
041 _a(Pt)
072 _aK10
090 _aK10 BR9102049
100 1 _aNilsson, T.T.
111 1 _aSimposio sobre Mata Ciliar
_cSao Paulo, SP (Brazil)
_d11-15 Apr 1989
245 1 _aLevantamento do potencial economico da mata ciliar e sugestoes quanto ao seu aproveitamento racional
260 3 _aCampinas, SP (Brasil):
_c1989.
500 _aBarbosa, L.M. (ed.) Anais do Simposio sobre Mata Ciliar Campinas, SP (Brasil): 1989. p. 144-155 (BR9102049-AM)K10
650 _aMATA CILIAR
650 _aREFLORESTAMENTO
773 0 _tAnais do Simposio sobre Mata Ciliar
_aBarbosa, L.M. (ed.). Fundacao Cargill, Campinas, SP (Brasil)
_wK10 BR9102049
_gCampinas, SP (Brasil), 1989. p. 144-155
909 _a202404
_bLucia
_c55
_dLucia Elande
942 _cAM
_2AGRIS
999 _c321638
_d321638